| 000 | 00457nam a2200145Ia 4500 | ||
|---|---|---|---|
| 008 | 220214s9999 xx 000 0 und d | ||
| 022 | _a0257-859x | ||
| 245 | 0 | _aRUBBER REPORTER | |
| 260 |
_bRubber reporter, Hind Rajasthan Bldg, Bombay _aIndia |
||
| 310 | _aBM | ||
| 500 | _aEnding Volume & Year: 16, 1992 | ||
| 500 | _aMissing Volume: 3(3,5);4(2-3);5(3);6(3);7(4);8(2,4);9(6);10(5,6);15(6) | ||
| 500 | _aStarting Volume & Year: 1, 1976/77 | ||
| 942 | _cBJ | ||
| 999 |
_c16202 _d16202 |
||